Language Quiz

Random Language or Food Quiz

Spanish: Foods Quiz Stats

 Plays Quiz Updated Mar 19, 2020

Support Sporcle.
Go Orange.
Score 0/20 Timer 05:00
0 Plays Today
English Spanish % Correct
Chickenel pollo
91.5%
Cheeseel queso
90.7%
Breadel pan
82.1%
Orangela naranja
78.9%
Eggel huevo
76.3%
Soupla sopa
73.4%
Applela manzana
72.3%
Riceel arroz
69.6%
Fishel pescado
68.6%
Bananala banana
67.4%
English Spanish % Correct
Hamel jamón
67.3%
Tomatoel tomate
61.8%
Lettucela lechuga
60.7%
Sugarel azúcar
60.3%
Corn (Sweet)el maíz
59.6%
Strawberryla fresa
53.3%
Grapela uva
49.4%
Onionla cebolla
45.2%
Sausagela salchicha
40%
Porkel cerdo
37.4%

From the Vault

Who Am I? Celestial Objects and Mythological Figures

by LisaSimpsonOH

Science 10m
This quiz is out of this (under)world.
Remove Ads.
Support Sporcle.
Get the best of Sporcle when you Go Orange. This ad-free experience offers more features, more stats, and more fun while also helping to support Sporcle. Thank you for becoming a member.

Show Comments

Extras

Top Quizzes Today


Score Distribution

Your Account Isn't Verified!

In order to create a playlist on Sporcle, you need to verify the email address you used during registration. Go to your Sporcle Settings to finish the process.

Report this User

Report this user for behavior that violates our Community Guidelines.

Details: